Riconosci il Pokémon - Quiz n°748 - Statistics

Statistiche generali
  • Questo quiz è stato fatto 3 volte
  • Il punteggio medio è 8 su 10
Statistiche sulle risposte
Indizio Riposta % Corretto
Abilità Pellegelo; Scendineve
100%
Stadio evoluzione Prima evoluzione
100%
Tipo Roccia / Ghiaccio
100%
Generazione Sesta
100%
Peso 225,0 kg
67%
Altezza 2,7 m
67%
Tasso di cattura 45 (11.9%)
67%
Sesso 87.5% ♂, 12.5% ♀
67%
Tasso di allevamento Medio-Veloce
67%
Pokémon Aurorus
33%
Nessun quiz corrispondente trovato
Distribuzione punteggi
Percentuale di utenti per punteggio
Percentile per numero di risposta
I tuoi punteggi nel tempo
Non hai fatto questo quiz